000
00315nam a2200133Ia 4500
100
_a
Wendt/H.C
942
_c
BK
654
_a
Design Manufacture
245
_a
Arc Welding In Design Manufacture & Construction
260
_b
James Lincoln
_a
Cleveland
_c
1944
082
_a
671.5
300
_a
1409
546
_a
ENGLISH
999
_c
30400
_d
30400